000 00807nas a2200277 4500
001 BR9900252
003 BR-BrBNA
005 20231205101155.0
007 ta
008 230509b bl.|||p| |||| 00| 00por d
040 _aBR-BrBNA
_bpor
_cBiblioteca Nacional de Agricultura
041 _a(Pt)
072 _aF70
100 1 _aMatteucci, M.B. de A.
100 1 _aGuimaraes, N.N.R.
100 1 _aTiveron Filho, D.
100 1 _aSantos, C.
245 1 _aA flora do cerrado e suas formas de aproveitamento
650 _aFlora
650 _aCerrado
650 _aFrutificacao
650 _aFloracao
773 0 _tAnais da Escola de Agronomia e Veterinaria (Brazil)
_xISSN 0100-218X
_g(Jan-Jun 1995), v. 25(1) p. 13-30
_wBR9900252
909 _a202311
_bLúcia
_c55
_dLúcia Elande
942 _2AGRIS
_n0
_cANA
999 _c160219
_d160219